| 000 | 00778nam a2200205Ii 4500 | ||
|---|---|---|---|
| 003 | JO-AjNU | ||
| 008 | 230605s9999||||xx |||||||||||||| ||und|| | ||
| 017 | _a1975/3898 | ||
| 040 |
_aJO-AjNU _bara _erda _cJO-AjNU |
||
| 041 | _aara | ||
| 050 | 1 | 4 | _aAP95.A6.MB.1975 |
| 100 | 3 |
_aحسن،محمد عبد الغني ، الدسوقي،عبد العزيز, _eauthor _915080 |
|
| 245 | 0 | 0 | _aروضة المدارس : نشأتها واتجاهاتها الادبية والعلمية: دراسة نقدية تحليلة |
| 264 | 3 | 1 | _aالقاهرة:الهيئة المصرية العامة للكتاب ،2005 |
| 300 | _a439ص | ||
| 336 |
_atext _btxt _2rdacontent |
||
| 337 |
_aunmediated _bn _2rdamedia |
||
| 338 |
_avolume _bnc _2rdacarrier |
||
| 650 | 4 |
_aمعارف عامة _915081 |
|
| 999 |
_aA4175 _c7743 _d7743 |
||